Wissenschaftliche automobil-wertung.

Uložené v:
Podrobná bibliografia
Hlavný autor: Riedler, A.
Médium: Kniha
Jazyk:Slovak
Vydané: 1911.
Fyzický popis: x s.
Tagy: Pridať tag
Žiadne tagy, Buďte prvý kto otaguje tento záznam!

MARC

LEADER 00000nam a22000004a 4500
001 000604607
005 20190102085419.0
008 190102s1911 xo e 000 0 slo d
040 |a SVKKK  |b slo  |c SVKKK  |e AACR2 
100 1 |a Riedler, A. 
245 1 0 |a Wissenschaftliche automobil-wertung. 
260 |c 1911. 
300 |a x s. 
500 |a Záznam revízie 
910 |a svkkk 
998 |a BK 
090 |g SCKHL  |k Sklad Pribinova 3. posch.  |a V.2451  |j 19318  |i 2720788832  |s Prezenčne